| 000 | 00902nam a2200217 a 4500 | ||
|---|---|---|---|
| 001 | 58282 | ||
| 003 | BD-RjUL | ||
| 005 | 20211209080614.0 | ||
| 008 | 161217s1992 ii ||||e |||| 00| 0 ben d | ||
| 035 | _a(BD-RjUL)58406 | ||
| 040 |
_aBD-RjUL _bben _cBD-RjUL _dBD-RjUL |
||
| 041 | _aben | ||
| 082 |
_a782.42162 _bPAA 1912 _223 |
||
| 100 |
_aপালিত, হরিদাস _9118422 |
||
| 245 | 1 | 0 |
_aআদ্যের গম্ভীরা : _bবাঙ্গালার ধর্ম্ম ও সামাজিক ইতিহাসের এক অধ্যায় / _cহরিদাস পালিত |
| 260 |
_aকলকাতা : _bশ্রীযুক্ত বিপিনবিহারী ঘোষ, _c১৯১২ |
||
| 300 |
_aবিভিন্ন পৃ. ; _c১৯ সেমি. |
||
| 650 |
_aলোক সংগীত _9118423 |
||
| 650 |
_aFolk song _9118424 |
||
| 942 |
_2ddc _cBK |
||
| 999 |
_c58282 _d58282 |
||